000 01076nam a2200301 i 4500
003 DO-SdBNP
005 20260416144717.0
007 ta
008 260416b2016 dr ||||| |||| 00| 0 spa d
020 _a9789945084900
040 _aDO-SdBNP
_bspa
_cBNPHU
_erda
041 _aspa
082 4 _axxx
_bxxx
_222
100 1 _aRoa Ogando, Gerardo,
_eautor
_4aut.
_974487
245 1 3 _aLa taxonomía del discurso :
_baspectos de la teoría Lingüística /
_cGerardo Roa Ogando ; prólogo, Enrique Sánchez Costa
264 4 _aSanto Domingo :
_bImpresora Soto Castillo,
_c©2016.
300 _a259 páginas ;
_c24 cm.
336 _atexto
_btxt
_2rdacontent
337 _asin mediación
_bn
_2rdamedia
338 _avolumen
_bnc
_2rdacarrier
500 _aIncluye datos biográficos del autor en las solapas
500 _aIncluye referencias bibliográficas y notas al pie de las páginas
504 _aBibliografía: páginas 251-259
590 _aInventariado, 2026/BT
700 1 _aSánchez Costa, Enrique,
_eprologuista
_4pr.
_989344
910 _aBtavárez
942 _2ddc
_cLBS1
999 _c60567
_d60567